000 00687nam a2200241Ia 4500
003 OSt
005 20220925203705.0
006 a|||||r|||| 00| 0
007 ta
008 220923b |||||||| |||| 00| 0 eng d
037 _cGeneral Book
040 _aRTL
_cRTL
_beng
041 _2eng
_aeng
082 _aX:89V, K3
100 _aBuchan Joseph
_9127474
245 0 _aScientific inventory management
260 _aEnglewood
_bCliffs New Jersey Prentice Hall
_c1963
300 _axiii, 523p
_ccm.
650 _aStore Management
700 _a Koenigsberg Ernest
942 _hX:89V, K3
_cGB
_2CC
999 _c547411
_d547411